Gender inclusion in India: Challenges and strategies (Record no. 394685)

MARC details
000 -LEADER
fixed length control field 00546 a2200205 4500
005 - DATE & TIME
control field 20260314094543.0
008 - FIXED-LENGTH DATA ELEMENTS--GENERAL INFORMATION
fixed length control field 260313b |||||||| |||| 00| 0 eng d
020 ## - ISBN
International Standard Book Number 9789350027110
Price Rs. 695.00
040 ## - CATALOGING SOURCE
Original cataloging agency VIVEKANANDA LIBRARY
082 ## - DDC NUMBER
Classification number 305.420954
Book Number H973G
100 ## - MAIN ENTRY--PERSONAL NAME
Personal name Hussain, Sabiha, ed.
245 ## - TITLE STATEMENT
Title Gender inclusion in India: Challenges and strategies
260 ## - PUBLICATION, DISTRIBUTION, ETC. (IMPRINT)
Name of publisher, distributor, etc Aakar Books
Place of publication, distribution, etc Delhi
Date of publication, distribution, etc 2021
300 ## - PHYSICAL DESCRIPTION
Pages 284
650 ## - Subject
Subject Sociology
650 ## - Subject
Subject Social Groups
650 ## - Subject
Subject Women- India
700 ## - Added Entry Personal Name
Added Entry Personal Name Tabassum, Suraiya, ed.
942 ## - ADDED ENTRY ELEMENTS (KOHA)
Koha item type Books
Holdings
Withdrawn status Lost status Source of classification or shelving scheme Damaged status Not for loan Location (home branch) Sublocation or collection (holding branch) Shelving location Date acquired Koha issues (times borrowed) Koha full call number Accession No. Koha date last seen Koha item type
    Dewey Decimal Classification     VIVEKANANDA LIBRARY VIVEKANANDA LIBRARY Vivekananda Library 18/02/2026   305.420954 H973G 438464 18/02/2026 Books
© Designed and Maintained by Vivekananda Library, MDU Rohtak